Visualizzazione normale
Vista MARC
di Topical Term
Records bibliografici associati: 1
001 - CONTROL NUMBER
- control field: 37799
003 - CONTROL NUMBER IDENTIFIER
- control field: IT-RoPau
005 - DATE AND TIME OF LATEST TRANSACTION
- control field: 20151125173434.0
008 - FIXED-LENGTH DATA ELEMENTS
- fixed length control field: 151125|| aca||aabn | a|a d
040 ## - CATALOGING SOURCE
- Original cataloging agency: IT-RoPau
- Transcribing agency: IT-RoPau
150 ## - HEADING--TOPICAL TERM
- Topical term or geographic name entry element:
- : FILMS []
- General subdivision: Codice MATERIA SPICS: 9960
670 ## - SOURCE DATA FOUND
- Source citation: Work cat.: (IT-RoPau)104812: Wenders Wim Codice regista SPICS: 499 37797, NICK'S MOVIE (LAMPI SULL'ACQUA) NICK'S MOVIE (LAMPI SULL'ACQUA) (Rif. Codice opera principale : 26239)